[Event "Madrid-chT 2122"]
[Site "Madrid"]
[Date "2022.02.12"]
[Round "9.2"]
[White "Pulvett Marin, Daniel Eduardo"]
[Black "Khamrakulov, Ibragim S"]
[Result "1/2-1/2"]
[WhiteElo "2499"]
[BlackElo "2417"]
[PlyCount "51"]
[EventDate "2021.11.27"]
[EventType "team-tourn"]
[EventRounds "14"]
[EventCountry "ESP"]
[SourceTitle "Ajedrez en Madrid"]
[Source "lmi"]
[SourceDate "2021.11.28"]
[SourceVersion "1"]
[SourceVersionDate "2022.03.28"]
[SourceQuality "1"]
[WhiteTeam "Collado Villalba"]
[BlackTeam "Villalba 64"]
[WhiteTeamCountry "ESP"]
[BlackTeamCountry "ESP"]

1. d4 Nf6 2. c4 e6 3. Nf3 b6 4. g3 Bb4+ 5. Bd2 a5 6. Bg2 Bb7 7. O-O O-O 8. Bf4
Be7 9. Nc3 d5 10. Ne5 Nbd7 11. Qa4 Nxe5 12. dxe5 Nh5 13. cxd5 exd5 14. Nxd5
Bxd5 15. Rad1 c6 16. e4 b5 17. Qc2 Nxf4 18. gxf4 Rc8 19. Rd3 Qb6 20. exd5 cxd5
21. Qd2 Bb4 22. Qd1 Rc4 23. f5 Rf4 24. Qh5 g6 25. Rg3 Qd4 26. fxg6 1/2-1/2

[Event "Madrid-chT 2122"]
[Site "Madrid"]
[Date "2022.02.12"]
[Round "9.3"]
[White "Montoliu Cervero, Francisco"]
[Black "Lianes Garcia, Marcos"]
[Result "1-0"]
[WhiteElo "2415"]
[BlackElo "2413"]
[PlyCount "123"]
[EventDate "2021.11.27"]
[EventType "team-tourn"]
[EventRounds "14"]
[EventCountry "ESP"]
[SourceTitle "Ajedrez en Madrid"]
[Source "lmi"]
[SourceDate "2021.11.28"]
[SourceVersion "1"]
[SourceVersionDate "2022.03.28"]
[SourceQuality "1"]
[WhiteTeam "Villalba 64"]
[BlackTeam "Collado Villalba"]
[WhiteTeamCountry "ESP"]
[BlackTeamCountry "ESP"]

1. e4 e5 2. Nf3 Nc6 3. Bb5 a6 4. Ba4 Nf6 5. O-O Be7 6. Re1 b5 7. Bb3 O-O 8. h3
Bb7 9. Nc3 d6 10. a3 Na5 11. Ba2 c5 12. d3 h6 13. b4 Nc6 14. Nd5 Nxd5 15. Bxd5
Qc7 16. c3 cxb4 17. axb4 Nb8 18. Bb3 Qxc3 19. Bxh6 gxh6 20. Rc1 Qxb4 21. Rc7
Nc6 22. Rxb7 Bf6 23. Qb1 Kg7 24. Rc7 Rac8 25. Rxc8 Rxc8 26. Rc1 Ne7 27. Rxc8
Nxc8 28. Qa2 Qc3 29. Bxf7 Qc1+ 30. Kh2 Qf4+ 31. Kh1 Qc1+ 32. Ng1 Qc7 33. Be6 a5
34. Qe2 Ne7 35. Qg4+ Kh7 36. Qh5 Qd8 37. Ne2 b4 38. Bb3 Qf8 39. Ng3 Bg7 40. Nf5
Nxf5 41. exf5 Qf6 42. Qe8 Qf8 43. Qd7 Qf6 44. g3 h5 45. h4 Kh6 46. Be6 Bf8 47.
Qb5 Bg7 48. Qxa5 e4 49. Qxb4 Qd4 50. Qd2+ e3 51. fxe3 Qa1+ 52. Kg2 Qb2 53. Qxb2
Bxb2 54. Bf7 Bc3 55. Kf3 Bd2 56. d4 Bc1 57. Be8 Bd2 58. Kf4 Be1 59. f6 Bb4 60.
Bf7 Ba3 61. Kf5 Bc1 62. e4 1-0

[Event "Madrid-chT 2122"]
[Site "Madrid"]
[Date "2022.02.12"]
[Round "9.4"]
[White "Quispe Arteaga, Gabriel"]
[Black "Valles Moreno, Ivan"]
[Result "1-0"]
[WhiteElo "2385"]
[BlackElo "2401"]
[PlyCount "99"]
[EventDate "2021.11.27"]
[EventType "team-tourn"]
[EventRounds "14"]
[EventCountry "ESP"]
[SourceTitle "Ajedrez en Madrid"]
[Source "lmi"]
[SourceDate "2021.11.28"]
[SourceVersion "1"]
[SourceVersionDate "2022.03.28"]
[SourceQuality "1"]
[WhiteTeam "Collado Villalba"]
[BlackTeam "Villalba 64"]
[WhiteTeamCountry "ESP"]
[BlackTeamCountry "ESP"]

1. c4 d6 2. Nc3 e5 3. g3 g6 4. d4 Nd7 5. Nf3 Bg7 6. Bg2 exd4 7. Nxd4 Ne7 8. O-O
O-O 9. Bf4 a6 10. Rc1 Ne5 11. b3 h6 12. h4 Rb8 13. Qd2 Kh7 14. Rfd1 Nf5 15.
Nxf5 Bxf5 16. Nd5 Be6 17. Be3 Re8 18. Nf4 Bd7 19. Ba7 Ra8 20. Bd4 Bc6 21. Nd5
h5 22. Qc3 Bh6 23. f4 Ng4 24. Bf3 Bxd5 25. cxd5 Rc8 26. e4 Qd7 27. Qb4 b6 28.
Qa4 b5 29. Qxa6 f5 30. Qc6 Qf7 31. Bxg4 hxg4 32. e5 dxe5 33. Bxe5 Rxe5 34. fxe5
Be3+ 35. Kh1 f4 36. Qf6 Qxf6 37. exf6 Bxc1 38. Rxc1 Rd8 39. Rxc7+ Kh6 40. gxf4
Rf8 41. Kg2 Rxf6 42. Kg3 Ra6 43. Kxg4 Rxa2 44. Rb7 Rg2+ 45. Kf3 Rd2 46. Rxb5
Kh5 47. Rb8 Rd3+ 48. Ke4 Rd1 49. Ke5 Kxh4 50. Rb4 1-0

[Event "Madrid-chT 2122"]
[Site "Madrid"]
[Date "2022.02.12"]
[Round "9.5"]
[White "Garcia Luengo, Leandro"]
[Black "Garcia Dorado, Alberto"]
[Result "1/2-1/2"]
[WhiteElo "2275"]
[BlackElo "2246"]
[PlyCount "104"]
[EventDate "2021.11.27"]
[EventType "team-tourn"]
[EventRounds "14"]
[EventCountry "ESP"]
[SourceTitle "Ajedrez en Madrid"]
[Source "lmi"]
[SourceDate "2021.11.28"]
[SourceVersion "1"]
[SourceVersionDate "2022.03.28"]
[SourceQuality "1"]
[WhiteTeam "Villalba 64"]
[BlackTeam "Collado Villalba"]
[WhiteTeamCountry "ESP"]
[BlackTeamCountry "ESP"]

1. e4 e6 2. d3 d5 3. Nd2 c5 4. Ngf3 Nc6 5. g3 Bd6 6. Bg2 Nge7 7. O-O O-O 8. c3
Bd7 9. Re1 Qc7 10. Qe2 f6 11. Nb3 Rae8 12. d4 cxd4 13. Nfxd4 Nxd4 14. Nxd4 a6
15. exd5 Nxd5 16. Qd3 Nb6 17. Be3 Nc4 18. Bc1 Ne5 19. Qe2 Nc6 20. Nxc6 Bxc6 21.
Qc4 Bxg2 22. Qxc7 Bxc7 23. Kxg2 Rf7 24. Be3 Rd7 25. Rad1 Red8 26. Rxd7 Rxd7 27.
Kf3 Kf7 28. Ke2 Bd6 29. Rd1 Ke7 30. a4 Rc7 31. Kd3 e5 32. c4 Bb4 33. b3 Rd7+
34. Ke2 Rxd1 35. Kxd1 Kd6 36. Ke2 f5 37. f3 g6 38. Kd3 Kc6 39. Bh6 a5 40. Bg5
Bc5 41. Bd2 b6 42. Bg5 Kd7 43. Bd2 Ke6 44. Bc3 g5 45. h3 h5 46. Ke2 e4 47. fxe4
fxe4 48. g4 hxg4 49. hxg4 Kf7 50. Bb2 Ke6 51. Bc1 Kf6 52. Bb2+ Ke6 1/2-1/2

[Event "Madrid-chT 2122"]
[Site "Madrid"]
[Date "2022.02.12"]
[Round "9.6"]
[White "Ruiz Buendia, Miguel"]
[Black "Lopez del Alamo, Antonio"]
[Result "0-1"]
[WhiteElo "2074"]
[BlackElo "2253"]
[PlyCount "126"]
[EventDate "2021.11.27"]
[EventType "team-tourn"]
[EventRounds "14"]
[EventCountry "ESP"]
[SourceTitle "Ajedrez en Madrid"]
[Source "lmi"]
[SourceDate "2021.11.28"]
[SourceVersion "1"]
[SourceVersionDate "2022.03.28"]
[SourceQuality "1"]
[WhiteTeam "Collado Villalba"]
[BlackTeam "Villalba 64"]
[WhiteTeamCountry "ESP"]
[BlackTeamCountry "ESP"]

1. e4 c5 2. Nf3 e6 3. d4 cxd4 4. Nxd4 Nf6 5. Nc3 d6 6. g4 a6 7. g5 Nfd7 8. Be3
b5 9. a3 Bb7 10. h4 Nb6 11. Qd2 N8d7 12. O-O-O Ne5 13. f4 Nec4 14. Bxc4 Nxc4
15. Qe2 Rc8 16. Rd3 Qc7 17. f5 Nxe3 18. Qxe3 e5 19. Nf3 a5 20. Rh2 b4 21. Nd5
Bxd5 22. Rxd5 Be7 23. a4 Bd8 24. b3 Qc3 25. Qxc3 Rxc3 26. Rd3 Rxd3 27. cxd3 Bb6
28. h5 Kd7 29. Kd2 Rc8 30. g6 fxg6 31. Rg2 Bd8 32. hxg6 h6 33. Ke2 Rc2+ 34. Nd2
Bg5 35. Kd1 Rc3 36. Ke2 Bxd2 37. Kxd2 Rxb3 38. Ke3 Ke7 39. Rc2 Rc3 40. Rb2 Kf6
41. Kd2 d5 42. Ke2 d4 43. Kd2 b3 44. Rb1 h5 45. Rh1 b2 46. Rb1 Rb3 47. Ke2 h4
48. Kf2 h3 49. Kg1 Kg5 50. Kh2 Kh4 51. Kh1 Kg3 52. f6 h2 53. f7 Rb8 54. Rf1
b1=Q 55. f8=Q Rxf8 56. Rxb1 Kf2 57. Rb2+ Ke3 58. Rb7 Kxd3 59. Rxg7 Ke2 60. Kxh2
d3 61. Rb7 d2 62. g7 Rg8 63. Rb2 Rxg7 0-1

[Event "Madrid-chT 2122"]
[Site "Madrid"]
[Date "2022.02.13"]
[Round "9.1"]
[White "Corral Blanco, Juan Antonio"]
[Black "Taboas Rodriguez, Daniel"]
[Result "1-0"]
[WhiteElo "2414"]
[BlackElo "2369"]
[PlyCount "105"]
[EventDate "2021.11.27"]
[EventType "team-tourn"]
[EventRounds "14"]
[EventCountry "ESP"]
[SourceTitle "Ajedrez en Madrid"]
[Source "lmi"]
[SourceDate "2021.11.28"]
[SourceVersion "1"]
[SourceVersionDate "2022.03.28"]
[SourceQuality "1"]
[WhiteTeam "La Didactica"]
[BlackTeam "Blanco y Negro"]
[WhiteTeamCountry "ESP"]
[BlackTeamCountry "ESP"]

1. d4 Nf6 2. c4 g6 3. Nc3 Bg7 4. e4 d6 5. Nf3 O-O 6. Be2 e5 7. O-O Nbd7 8. Be3
Qe7 9. dxe5 dxe5 10. Nd5 Qd8 11. Qc2 Ng4 12. Bg5 f6 13. Bd2 c6 14. Ne3 Nc5 15.
h3 Nxe3 16. Bxe3 Qe7 17. b4 Ne6 18. c5 f5 19. Bc4 Kh8 20. Rae1 a5 21. a3 axb4
22. axb4 f4 23. Bc1 Ng5 24. Nxg5 Qxg5 25. Kh1 Qe7 26. f3 g5 27. Rd1 h5 28. Kg1
g4 29. hxg4 hxg4 30. Kf2 Bf6 31. Rh1+ Kg7 32. Rd6 Rh8 33. Rxh8 Kxh8 34. Bb2
gxf3 35. gxf3 Qg7 36. Qc3 Kh7 37. Ke2 Bh3 38. Kd1 Rf8 39. Kc2 Re8 40. Kb3 Bh4
41. Qd3 Be7 42. Rd7 Bxd7 43. Qxd7 Rf8 44. Qxb7 Bf6 45. Qxc6 Qg2 46. Qd7+ Kh6
47. Qd3 Rd8 48. Bd5 Qf2 49. c6 Qb6 50. Qc4 Rb8 51. Be6 Qc7 52. Bd7 Be7 53. Qe6+
1-0

[Event "Madrid-chT 2122"]
[Site "Madrid"]
[Date "2022.02.13"]
[Round "9.2"]
[White "Renteria Becerra, Jorge Elicer"]
[Black "Arriaga Lugo, Ricardo"]
[Result "1-0"]
[WhiteElo "2258"]
[BlackElo "2191"]
[PlyCount "57"]
[EventDate "2021.11.27"]
[EventType "team-tourn"]
[EventRounds "14"]
[EventCountry "ESP"]
[SourceTitle "Ajedrez en Madrid"]
[Source "lmi"]
[SourceDate "2021.11.28"]
[SourceVersion "1"]
[SourceVersionDate "2022.03.28"]
[SourceQuality "1"]
[WhiteTeam "Blanco y Negro"]
[BlackTeam "La Didactica"]
[WhiteTeamCountry "ESP"]
[BlackTeamCountry "ESP"]

1. e4 c5 2. Nf3 d6 3. d4 cxd4 4. Qxd4 e5 5. Qe3 Nf6 6. h3 Be7 7. Be2 h6 8. c4
Nc6 9. O-O O-O 10. Rd1 b6 11. Nc3 Bb7 12. b3 Re8 13. Ba3 Bf8 14. Rd2 Qb8 15.
Bb2 Nd8 16. Nd5 Nd7 17. Nh4 Ne6 18. Nf5 Nf4 19. Nxf4 exf4 20. Qxf4 Rxe4 21.
Nxh6+ gxh6 22. Qg3+ Kh7 23. Bd3 Ne5 24. Bxe5 dxe5 25. Qg4 Qe8 26. Bxe4+ Bxe4
27. Qxe4+ Kg8 28. Rad1 Rc8 29. Qg4+ 1-0

[Event "Madrid-chT 2122"]
[Site "Madrid"]
[Date "2022.02.13"]
[Round "9.3"]
[White "Barraza Caracuel, Ignacio"]
[Black "Hidalgo Duque, Carlos"]
[Result "0-1"]
[WhiteElo "2103"]
[BlackElo "2254"]
[PlyCount "94"]
[EventDate "2021.11.27"]
[EventType "team-tourn"]
[EventRounds "14"]
[EventCountry "ESP"]
[SourceTitle "Ajedrez en Madrid"]
[Source "lmi"]
[SourceDate "2021.11.28"]
[SourceVersion "1"]
[SourceVersionDate "2022.03.28"]
[SourceQuality "1"]
[WhiteTeam "La Didactica"]
[BlackTeam "Blanco y Negro"]
[WhiteTeamCountry "ESP"]
[BlackTeamCountry "ESP"]

1. e4 c5 2. Nf3 d6 3. d4 cxd4 4. Nxd4 Nf6 5. Nc3 a6 6. g3 e6 7. Bg2 Be7 8. O-O
O-O 9. Be3 Qc7 10. h3 Nc6 11. Nxc6 bxc6 12. f4 Bb7 13. g4 Rfe8 14. g5 Nd7 15.
Na4 d5 16. c4 Rad8 17. Qc2 d4 18. Bxd4 e5 19. Be3 exf4 20. Bxf4 Bd6 21. Be3 c5
22. Nc3 Ne5 23. b3 Qe7 24. Rad1 Ng6 25. Nd5 Qe5 26. Bf3 Bc8 27. Qg2 Nh4 28. Bf4
Nxg2 29. Bxe5 Rxe5 30. Bxg2 Rxg5 31. Rf3 Kf8 32. Rdf1 Be6 33. R1f2 a5 34. Kf1
Rg3 35. Rxg3 Bxg3 36. Rf3 Be5 37. a4 g5 38. Rd3 Kg7 39. Nf4 Rxd3 40. Nxd3 Bd4
41. Ke2 h5 42. Nf2 Bxf2 43. Kxf2 Kf6 44. Bf1 Ke5 45. Ke3 h4 46. Bg2 f5 47. exf5
Bxf5 0-1

[Event "Madrid-chT 2122"]
[Site "Madrid"]
[Date "2022.02.13"]
[Round "9.4"]
[White "Balbuena Fuentes, Mario"]
[Black "Merayo Lopez, Abraham"]
[Result "1-0"]
[WhiteElo "2250"]
[BlackElo "2035"]
[PlyCount "67"]
[EventDate "2021.11.27"]
[EventType "team-tourn"]
[EventRounds "14"]
[EventCountry "ESP"]
[SourceTitle "Ajedrez en Madrid"]
[Source "lmi"]
[SourceDate "2021.11.28"]
[SourceVersion "1"]
[SourceVersionDate "2022.03.28"]
[SourceQuality "1"]
[WhiteTeam "Blanco y Negro"]
[BlackTeam "La Didactica"]
[WhiteTeamCountry "ESP"]
[BlackTeamCountry "ESP"]

1. e4 e5 2. Nf3 Nc6 3. Bb5 a6 4. Ba4 Nf6 5. O-O Be7 6. d3 d6 7. c3 O-O 8. Re1
Be6 9. d4 exd4 10. cxd4 Bg4 11. Nc3 Bxf3 12. gxf3 b5 13. Bc2 Qd7 14. Kh1 Qh3
15. Rg1 Nh5 16. f4 f5 17. Bb3+ Kh8 18. Bd5 Nb4 19. Bxa8 Rxa8 20. exf5 Nd3 21.
Be3 Nxb2 22. Qg4 Qxg4 23. Rxg4 c6 24. Re1 d5 25. Re2 Nd3 26. Rd2 Ne1 27. Rd1
Nc2 28. Rc1 Nb4 29. Rgg1 Nd3 30. Rc2 Bf6 31. Ne2 Rc8 32. Rb1 Bh4 33. Kg1 Be7
34. Rc3 1-0

[Event "Madrid-chT 2122"]
[Site "Madrid"]
[Date "2022.02.13"]
[Round "9.5"]
[White "Baldus Martin, Juan"]
[Black "Rodriguez Melendez, Juan Humbert"]
[Result "1/2-1/2"]
[WhiteElo "1998"]
[BlackElo "2116"]
[PlyCount "120"]
[EventDate "2021.11.27"]
[EventType "team-tourn"]
[EventRounds "14"]
[EventCountry "ESP"]
[SourceTitle "Ajedrez en Madrid"]
[Source "lmi"]
[SourceDate "2021.11.28"]
[SourceVersion "1"]
[SourceVersionDate "2022.03.28"]
[SourceQuality "1"]
[WhiteTeam "La Didactica"]
[BlackTeam "Blanco y Negro"]
[WhiteTeamCountry "ESP"]
[BlackTeamCountry "ESP"]

1. d4 Nf6 2. c4 g6 3. Nc3 d5 4. cxd5 Nxd5 5. e4 Nxc3 6. bxc3 Bg7 7. Be3 c5 8.
Rc1 Qa5 9. Qd2 cxd4 10. cxd4 Qxd2+ 11. Bxd2 O-O 12. Nf3 Bg4 13. d5 e6 14. Bc4
exd5 15. Bxd5 Nc6 16. O-O Bxf3 17. gxf3 Rac8 18. Kg2 Rfd8 19. Rc2 Nd4 20. Rxc8
Rxc8 21. Bxb7 Rc2 22. Be3 Rxa2 23. Rd1 Ra4 24. Rc1 Bf8 25. Bd5 Ne6 26. Rc8 Kg7
27. Bxe6 fxe6 28. Rc7+ Kg8 29. Bxa7 Bd6 30. Rd7 Be5 31. Be3 h5 32. Bg5 Ra6 33.
f4 Bg7 34. e5 Bf8 35. Rc7 Ra3 36. h4 Ra5 37. Kf3 Rc5 38. Rb7 Rc2 39. Ke3 Rc3+
40. Kd4 Rc2 41. f3 Rf2 42. Kc3 Rxf3+ 43. Kc4 Rf1 44. Rd7 Ra1 45. Kb5 Rc1 46.
Kb6 Rc4 47. Kb7 Rc2 48. Bd8 Rc4 49. Bg5 Rc2 50. Rd4 Kf7 51. Bf6 Ke8 52. Rd8+
Kf7 53. Rd4 Ke8 54. Rd8+ Kf7 55. Rd7+ Ke8 56. Rh7 Rd2 57. Kc6 Rc2+ 58. Kb5 Rb2+
59. Kc6 Rc2+ 60. Kb5 Rb2+ 1/2-1/2

[Event "Madrid-chT 2122"]
[Site "Madrid"]
[Date "2022.02.13"]
[Round "9.6"]
[White "Martinez Rubi, Alberto"]
[Black "Aguado Rodriguez, Guillermo"]
[Result "1-0"]
[WhiteElo "2088"]
[BlackElo "1838"]
[PlyCount "59"]
[EventDate "2021.11.27"]
[EventType "team-tourn"]
[EventRounds "14"]
[EventCountry "ESP"]
[SourceTitle "Ajedrez en Madrid"]
[Source "lmi"]
[SourceDate "2021.11.28"]
[SourceVersion "1"]
[SourceVersionDate "2022.03.28"]
[SourceQuality "1"]
[WhiteTeam "Blanco y Negro"]
[BlackTeam "La Didactica"]
[WhiteTeamCountry "ESP"]
[BlackTeamCountry "ESP"]

1. e4 e5 2. Nf3 Nc6 3. Nc3 Nf6 4. d4 exd4 5. Nxd4 Bc5 6. Nxc6 dxc6 7. Qxd8+
Kxd8 8. Bg5 h6 9. Bh4 g5 10. Bg3 Bb6 11. O-O-O+ Ke7 12. h4 Be6 13. Be2 Ng4 14.
Rhf1 Rad8 15. Rxd8 Rxd8 16. Na4 Rd4 17. Nxb6 cxb6 18. hxg5 hxg5 19. f3 Ne3 20.
Rg1 Nc4 21. b3 Na5 22. Bb8 Kd8 23. Be5 Rd7 24. Bf6+ Kc7 25. Bxg5 Kd6 26. f4 f5
27. exf5 Bg8 28. Rd1+ Kc7 29. Rxd7+ Kxd7 30. Bh5 1-0

[Event "Madrid-chT 2122"]
[Site "Madrid"]
[Date "2022.02.13"]
[Round "9.1"]
[White "Candela Perez, Jose"]
[Black "Quevedo Marin, Manuel"]
[Result "1-0"]
[WhiteElo "2334"]
[BlackElo "2196"]
[PlyCount "120"]
[EventDate "2021.11.27"]
[EventType "team-tourn"]
[EventRounds "14"]
[EventCountry "ESP"]
[SourceTitle "Ajedrez en Madrid"]
[Source "lmi"]
[SourceDate "2021.11.28"]
[SourceVersion "1"]
[SourceVersionDate "2022.03.28"]
[SourceQuality "1"]
[WhiteTeam "Alcala de Henares"]
[BlackTeam "San Sebastian de los Reyes"]
[WhiteTeamCountry "ESP"]
[BlackTeamCountry "ESP"]

1. d4 d5 2. c4 dxc4 3. e4 Nf6 4. e5 Nd5 5. Bxc4 Nb6 6. Bd3 Nc6 7. Ne2 Bg4 8. f3
Be6 9. Nbc3 Qd7 10. Ne4 Bd5 11. Nc5 Qc8 12. Be3 e6 13. Rc1 Nb4 14. Be4 Be7 15.
a3 Nc6 16. Qd3 Bxe4 17. fxe4 Bxc5 18. Rxc5 Qd7 19. Qc2 Rc8 20. O-O Ne7 21. Nf4
Ng6 22. Nd3 O-O 23. Ra5 a6 24. Rc1 Qd8 25. Nc5 Rb8 26. b4 Na8 27. Nb3 c6 28.
Rc5 Nc7 29. a4 Qh4 30. Rf1 Rfd8 31. Nd2 Qe7 32. Nf3 h6 33. Qf2 Rbc8 34. h4 Na8
35. Qg3 Kh8 36. h5 Nf8 37. Nh2 Nh7 38. Nf3 Nb6 39. a5 Nd7 40. Rc4 b5 41. axb6
Nxb6 42. Rc2 Qxb4 43. Rcf2 Rf8 44. Nh2 Qe7 45. d5 Nc4 46. d6 Qd7 47. Bc1 f6 48.
exf6 Rxf6 49. Rxf6 gxf6 50. Bxh6 Rg8 51. Qd3 Ne5 52. Qd4 Nf7 53. Rxf6 e5 54.
Rxf7 Qxf7 55. Qxe5+ Qf6 56. Bf4 Rb8 57. Ng4 Qg7 58. d7 Rd8 59. Qe8+ Qg8 60.
Be5+ Nf6 1-0

[Event "Madrid-chT 2122"]
[Site "Madrid"]
[Date "2022.02.13"]
[Round "9.2"]
[White "Alfaya Marcelo, Roberto"]
[Black "Moreno Ibañez, Miguel"]
[Result "1/2-1/2"]
[WhiteElo "2233"]
[BlackElo "2284"]
[PlyCount "120"]
[EventDate "2021.11.27"]
[EventType "team-tourn"]
[EventRounds "14"]
[EventCountry "ESP"]
[SourceTitle "Ajedrez en Madrid"]
[Source "lmi"]
[SourceDate "2021.11.28"]
[SourceVersion "1"]
[SourceVersionDate "2022.03.28"]
[SourceQuality "1"]
[WhiteTeam "San Sebastian de los Reyes"]
[BlackTeam "Alcala de Henares"]
[WhiteTeamCountry "ESP"]
[BlackTeamCountry "ESP"]

1. c4 b6 2. Nc3 Bb7 3. d4 e6 4. d5 Bb4 5. g3 Nf6 6. Bg2 O-O 7. Bd2 Re8 8. Nh3
exd5 9. cxd5 Ba6 10. Bf3 c5 11. Qc2 d6 12. O-O Qe7 13. Bg5 Bxc3 14. Qxc3 Nbd7
15. Rfe1 h6 16. Bxf6 Nxf6 17. e4 Qe5 18. Qc2 Nxd5 19. Qa4 Nc7 20. Red1 Bb5 21.
Qb3 Bc6 22. Nf4 Ne6 23. Nxe6 Rxe6 24. Re1 Rae8 25. Re3 Qf6 26. Rae1 Qe7 27. Qd3
Qb7 28. Bg2 b5 29. Bh3 Rxe4 30. Qxd6 Rxe3 31. Rxe3 Rxe3 32. fxe3 Qb6 33. Kf2
Be4 34. Qe5 Qf6+ 35. Qxf6 gxf6 36. Bd7 b4 37. Ke2 c4 38. Kd2 Kf8 39. Bb5 Bd5
40. e4 c3+ 41. bxc3 bxc3+ 42. Kxc3 Bxa2 43. Kd4 Ke7 44. e5 Ke6 45. exf6 Kxf6
46. Ke4 Bb3 47. h4 a5 48. g4 a4 49. Kd4 a3 50. Kc3 a2 51. Kb2 Kg6 52. Be8 Be6
53. g5 h5 54. Bc6 Bc4 55. Be4+ Kg7 56. Bf3 Kg6 57. Be4+ Kg7 58. Bf3 Kg6 59.
Be4+ f5 60. gxf6+ Kxf6 1/2-1/2

[Event "Madrid-chT 2122"]
[Site "Madrid"]
[Date "2022.02.13"]
[Round "9.3"]
[White "Fernandez Lledo, Javier"]
[Black "Martinez Fernandez, Raul"]
[Result "1-0"]
[WhiteElo "2243"]
[BlackElo "2229"]
[PlyCount "63"]
[EventDate "2021.11.27"]
[EventType "team-tourn"]
[EventRounds "14"]
[EventCountry "ESP"]
[SourceTitle "Ajedrez en Madrid"]
[Source "lmi"]
[SourceDate "2021.11.28"]
[SourceVersion "1"]
[SourceVersionDate "2022.03.28"]
[SourceQuality "1"]
[WhiteTeam "Alcala de Henares"]
[BlackTeam "San Sebastian de los Reyes"]
[WhiteTeamCountry "ESP"]
[BlackTeamCountry "ESP"]

1. Nf3 d5 2. b3 c5 3. e3 g6 4. Bb2 Nf6 5. g3 Bg7 6. Bg2 O-O 7. O-O Nc6 8. Ne5
Qd6 9. Nxc6 bxc6 10. f4 Bg4 11. Qe1 Qe6 12. Nc3 Bh3 13. Bxh3 Qxh3 14. Na4 Rad8
15. Qe2 d4 16. e4 e5 17. f5 h5 18. Nxc5 Bh6 19. Nd3 Ng4 20. Bc1 h4 21. Qg2
Qxg2+ 22. Kxg2 hxg3 23. hxg3 Kg7 24. Kh3 Nf6 25. Nxe5 Nxe4 26. d3 Ng5+ 27. Kg2
Rd5 28. f6+ Kh7 29. Ng4 Re8 30. Rh1 Rf5 31. Bf4 Re2+ 32. Kf1 1-0

[Event "Madrid-chT 2122"]
[Site "Madrid"]
[Date "2022.02.13"]
[Round "9.4"]
[White "Hernandez Ramos, David"]
[Black "Palenciano Escolar, Adrian"]
[Result "1-0"]
[WhiteElo "2110"]
[BlackElo "2131"]
[PlyCount "131"]
[EventDate "2021.11.27"]
[EventType "team-tourn"]
[EventRounds "14"]
[EventCountry "ESP"]
[SourceTitle "Ajedrez en Madrid"]
[Source "lmi"]
[SourceDate "2021.11.28"]
[SourceVersion "1"]
[SourceVersionDate "2022.03.28"]
[SourceQuality "1"]
[WhiteTeam "San Sebastian de los Reyes"]
[BlackTeam "Alcala de Henares"]
[WhiteTeamCountry "ESP"]
[BlackTeamCountry "ESP"]

1. d4 Nf6 2. c4 g6 3. Nc3 Bg7 4. e4 d6 5. Nf3 O-O 6. Be2 e5 7. d5 a5 8. Bg5 Na6
9. Nd2 Nc5 10. O-O h6 11. Be3 c6 12. a3 Bd7 13. b4 Na6 14. Rb1 Qc7 15. Qb3 axb4
16. axb4 Rfc8 17. Rfc1 Kh7 18. c5 cxd5 19. Nxd5 Nxd5 20. exd5 Bf5 21. Rb2 dxc5
22. bxc5 Bf8 23. c6 bxc6 24. Rxc6 Qa5 25. Ra2 Qxa2 26. Qxa2 Nb4 27. Rxc8 Rxa2
28. Rxf8 Nxd5 29. Bc4 Ra1+ 30. Nf1 Kg7 31. Re8 Be6 32. Bxd5 Bxd5 33. Rc8 Be6
34. Rc1 Ra4 35. Re1 g5 36. Nd2 Bd5 37. Rd1 Kg6 38. Nf3 f6 39. Kf1 Bxf3 40. gxf3
Kf5 41. Rd6 Ra1+ 42. Kg2 Ra8 43. Rc6 h5 44. Bc5 Re8 45. Kf1 g4 46. fxg4+ hxg4
47. Kg2 Kg5 48. Be3+ Kf5 49. Rd6 Rf8 50. Kg3 Rh8 51. Bb6 Rh3+ 52. Kg2 e4 53.
Bd4 Rh6 54. Rc6 Rg6 55. Kg3 Rh6 56. Rxf6+ Rxf6 57. Bxf6 Kxf6 58. Kxg4 Ke5 59.
h4 Kf6 60. Kf4 Kg6 61. Kxe4 Kh5 62. f4 Kxh4 63. f5 Kh5 64. Ke5 Kh6 65. Ke6 Kg7
66. Ke7 1-0

[Event "Madrid-chT 2122"]
[Site "Madrid"]
[Date "2022.02.13"]
[Round "9.5"]
[White "Cubillo Muñoz, Miguel"]
[Black "Karunanithi, Bharath"]
[Result "1-0"]
[WhiteElo "2125"]
[BlackElo "1697"]
[PlyCount "59"]
[EventDate "2021.11.27"]
[EventType "team-tourn"]
[EventRounds "14"]
[EventCountry "ESP"]
[SourceTitle "Ajedrez en Madrid"]
[Source "lmi"]
[SourceDate "2021.11.28"]
[SourceVersion "1"]
[SourceVersionDate "2022.03.28"]
[SourceQuality "1"]
[WhiteTeam "Alcala de Henares"]
[BlackTeam "San Sebastian de los Reyes"]
[WhiteTeamCountry "ESP"]
[BlackTeamCountry "ESP"]

1. e4 c5 2. Nf3 d6 3. d4 cxd4 4. Qxd4 e5 5. Qd3 Nf6 6. Nc3 Bd7 7. Bg5 Bc6 8.
O-O-O Nbd7 9. Qe3 a6 10. Bc4 b5 11. Bb3 h6 12. Bh4 Be7 13. Bxf6 Nxf6 14. Nxe5
Qc7 15. Bxf7+ Kf8 16. Nxc6 Qxc6 17. Bb3 Rc8 18. f3 a5 19. Ne2 Nh5 20. Nd4 Qa6
21. g4 Nf6 22. Ne6+ Ke8 23. Nxg7+ Kf8 24. Ne6+ Ke8 25. e5 dxe5 26. Qxe5 Qc6 27.
Rhe1 Rh7 28. Qf5 a4 29. Qg6+ Rf7 30. Ng7+ 1-0

[Event "Madrid-chT 2122"]
[Site "Madrid"]
[Date "2022.02.13"]
[Round "9.6"]
[White "Arroyo Escorial, Pablo"]
[Black "Yañez Rodriguez, Wilbert"]
[Result "0-1"]
[WhiteElo "1561"]
[BlackElo "2118"]
[PlyCount "72"]
[EventDate "2021.11.27"]
[EventType "team-tourn"]
[EventRounds "14"]
[EventCountry "ESP"]
[SourceTitle "Ajedrez en Madrid"]
[Source "lmi"]
[SourceDate "2021.11.28"]
[SourceVersion "1"]
[SourceVersionDate "2022.03.28"]
[SourceQuality "1"]
[WhiteTeam "San Sebastian de los Reyes"]
[BlackTeam "Alcala de Henares"]
[WhiteTeamCountry "ESP"]
[BlackTeamCountry "ESP"]

1. e4 c5 2. Nc3 g6 3. f4 Bg7 4. Nf3 Nc6 5. Bc4 e6 6. e5 d5 7. exd6 Qxd6 8. Ne4
Qe7 9. d3 Nh6 10. Be3 b6 11. Bb5 Bd7 12. c3 O-O 13. Qa4 Rfc8 14. Ne5 Nxe5 15.
fxe5 Bxb5 16. Qxb5 Ng4 17. Bg5 Qc7 18. Nd6 Qc6 19. Qxc6 Rxc6 20. d4 cxd4 21.
cxd4 f6 22. h3 Nxe5 23. dxe5 fxg5 24. O-O Bxe5 25. Nf7 Bxb2 26. Rad1 Rc7 27.
Nxg5 Re8 28. Rd6 Rce7 29. a4 Kg7 30. Re1 Bf6 31. Ne4 Be5 32. Rc6 Rc7 33. Nd6
Bd4+ 34. Kh1 Rxc6 35. Nxe8+ Kf7 36. Rd1 e5 0-1